Song Lyrics #1: A Thousand Years (Christina Perri) - Statistics

General Stats
  • This quiz has been taken 406 times
  • The average score is 108 of 227
Answer Stats
Answer % Correct
Heart
97%
beats
96%
fast
96%
and
91%
colors
88%
I
88%
promises
88%
be
86%
brave
86%
can
86%
How
86%
How
86%
to
86%
afraid
85%
fall
85%
I'm
85%
to
85%
when
85%
love
84%
day
74%
every
74%
for
74%
I
74%
waiting
74%
you
74%
All
73%
alone
73%
died
73%
have
73%
my
73%
of
73%
stand
73%
thousand
73%
years
73%
you
73%
A
72%
closer...
72%
Darling
72%
don't
72%
for
72%
have
72%
I
72%
love
72%
loved
72%
you
72%
a
71%
afraid
71%
away
71%
be
71%
doubt
71%
for
71%
more...
71%
One
71%
step
71%
suddenly
71%
thousand
71%
you
71%
goes
70%
I'll
70%
somehow
70%
watching
69%
But
65%
beauty
61%
stands
60%
still
60%
Time
60%
is
59%
she
59%
I
58%
all
57%
be
57%
brave
57%
I
57%
let
56%
not
56%
will
56%
will
56%
away
55%
me
54%
of
54%
take
54%
anything
53%
died
53%
Every
53%
front
53%
have
53%
I
53%
in
53%
a
52%
a
52%
breath
52%
closer...
52%
day
52%
every
52%
every
52%
for
52%
I
52%
One
52%
standing
52%
waiting
52%
you
52%
afraid
51%
be
51%
come
51%
Darling
51%
don't
51%
has
51%
have
51%
hour
51%
loved
51%
step
51%
thousand
51%
to
51%
years
51%
you
51%
for
50%
for
50%
love
50%
more
50%
thousand
50%
you
50%
I'll
49%
in
49%
this
47%
What's
47%
all
44%
I
44%
along
43%
I
43%
And
42%
believed
42%
find
42%
I
42%
would
42%
you
42%
a
41%
a
41%
brought
41%
for
41%
for
41%
has
41%
have
41%
I'll
41%
love
41%
loved
41%
thousand
41%
thousand
41%
Time
41%
years
41%
you
41%
you
41%
heart
40%
me
40%
to
40%
your
40%
years
30%
a
28%
for
28%
I'll
28%
love
28%
more...
28%
thousand
28%
you
28%
One
27%
closer
26%
have
26%
I
26%
one
26%
step
26%
step
26%
closer...
25%
day
25%
died
25%
every
25%
for
25%
waiting
25%
you
25%
A
24%
Darling
24%
for
24%
I
24%
loved
24%
you
24%
afraid
23%
be
23%
don't
23%
have
23%
I'll
23%
thousand
23%
years
23%
A
18%
I
18%
a
17%
a
17%
And
17%
for
17%
for
17%
for
17%
have
17%
I
17%
I
17%
I'll
17%
love
17%
loved
17%
more...
17%
more.
17%
thousand
17%
thousand
17%
thousand
17%
years
17%
you
17%
you
17%
all
16%
along
16%
believed
16%
find
16%
heart
16%
Time
16%
would
16%
you
16%
you
16%
your
16%
brought
15%
has
15%
me
15%
to
15%
e
2%
No matching quizzes found
Score Distribution
Percent of People with Each Score
Percentile by Number Answered
Your Score History
You have not taken this quiz